000 00267nam a22001337a 4500
008 210527b ||||| |||| 00| 0 eng d
041 _aeng
080 _a316
082 _a316
100 _a50
101 _aSOC
245 _aOn Trial
_cMarcus,R
942 _2udc
_cBK
999 _c57690
_d57690